Základné charakteristiky vybraných arabských rozvojových krajín socialistickej orientácie a podmienky ich zapojenia do systému medzinárodnej socialistickej deľby práce so zreteľom na rozvoj ekonomickej spolupráce s ČSSR kandidátska dizertačná práca

Salvato in:
Dettagli Bibliografici
Autore principale: Horváthová, Mária
Ente Autore: Vysoká škola ekonomická v Bratislave
Altri autori: Balhar, Víťazoslav
Natura: Libro
Lingua:slovacco
Pubblicazione: Bratislava 1984
Soggetti:
Tags: Aggiungi Tag
Nessun Tag, puoi essere il primo ad aggiungerne!!

MARC

LEADER 00000nam a2200000 4500
001 c002731
005 20221220085948.7
041 0 |a slo 
044 |a SK 
245 1 0 |a Základné charakteristiky vybraných arabských rozvojových krajín socialistickej orientácie a podmienky ich zapojenia do systému medzinárodnej socialistickej deľby práce so zreteľom na rozvoj ekonomickej spolupráce s ČSSR  |b kandidátska dizertačná práca  |c Mária Horváthová ; Škol. Víťazoslav Balhar 
264 1 |a Bratislava  |c 1984 
300 |a 212 s. 
610 2 0 |a krajiny rozvojové 
610 2 0 |a deľba práce medzinárodná 
610 2 0 |a socializmus 
610 2 0 |a Alžírsko 
610 2 0 |a Líbya 
610 2 0 |a vzťahy hospodárske medzinárodné 
610 2 0 |a spolupráca hospodárska medzinárodná 
610 2 0 |a ČSSR 
610 2 0 |a obchod zahraničný 
100 1 |a Horváthová, Mária 
700 1 |a Balhar, Víťazoslav 
710 2 |a Vysoká škola ekonomická v Bratislave